000 00708nam a2200289Ia 4500
005 20260324132645.0
008 008 260324s9999 xx 000 0 eng d
020 _a9780203963258
037 _aEBOOK
040 _aCRL
040 _beng
040 _cCRL
041 _2eng
041 _aeng
084 _qCRL
100 _aGlynis Hannell
_91165451
245 0 _aPromoting Positive Thinking
245 0 _bBuilding Children's Self-Esteem, Self-Confidence and Optimism
260 _bTaylor and Francis
260 _c2004
365 _a
365 _b205
856 _uhttp://www.taylorfrancis.com/books/9780203963258
942 _cEBOOK
999 _c1788418
_d1788418